MARC

LEADER 00000nam0a2200000 4500
001 303950
005 20231102001643.0
035 |a (RuTPU)RU\TPU\book\329185 
090 |a 303950 
100 |a 20150908d1968 km y0rusy50 ca 
101 0 |a rus 
102 |a RU 
105 |a a z 001zy 
200 1 |a Графо-аналитический метод расчета гидроприводов  |f И. А. Немировский 
210 |a Москва  |c Машиностроение  |d 1968 
215 |a 144 с.  |c ил. 
320 |a Библиогр.: с. 141-143. 
606 1 |a Гидравлические приводы  |2 stltpush  |3 (RuTPU)RU\TPU\subj\6501  |9 34377 
610 1 |a расчеты 
610 1 |a графоаналитические методы 
610 1 |a статический расчет 
610 1 |a трубопроводы 
610 1 |a сопротивление 
610 1 |a динамические процессы 
675 |a 62-82  |v 4 
700 1 |a Немировский  |b И. А.  |g Израиль Абрамович 
801 1 |a RU  |b 63413507  |c 20150908 
801 2 |a RU  |b 63413507  |c 20220610  |g RCR 
942 |c BK